| 000 | 00662nam a2200205 i 4500 | ||
|---|---|---|---|
| 001 | 83908 | ||
| 003 | ES-MaACL | ||
| 005 | 20230906174919.0 | ||
| 007 | t| | ||
| 008 | 041118s1923 fr ||||1| fre d | ||
| 100 | 1 |
_aJaffé, Grace M. _965912 |
|
| 245 | 1 | 3 |
_aLe mouvement ouvrier áa Paris pendant la Révolution française (1789-1791) / _cGrace M. Jaffé. |
| 260 |
_aParis : _bFélix Alcan, _c[ca. 1923] |
||
| 300 |
_a219 p. ; _c23 cm. |
||
| 490 | 1 | _aBibliothèque d'histoire contemporaine | |
| 650 |
_aMovimiento obrero- _zFrancia. _9147036 |
||
| 830 | 0 |
_aBibliothèque d'histoire contemporaine _9180875 |
|
| 852 |
_aES-MaACL _jG-7198 |
||
| 999 |
_c83908 _d83908 |
||